The complete book of t'ai chi / (Record no. 200427159)
[ view plain ]
| 000 -LEADER | |
|---|---|
| fixed length control field | 01153cam a2200349 a 4500 |
| 001 - CONTROL NUMBER | |
| control field | 3525765 |
| 003 - CONTROL NUMBER IDENTIFIER | |
| control field | TR-AnTOB |
| 005 - DATE AND TIME OF LATEST TRANSACTION | |
| control field | 20190322123612.0 |
| 008 - FIXED-LENGTH DATA ELEMENTS--GENERAL INFORMATION | |
| fixed length control field | 960808s1999 nyua 001 0 eng |
| 010 ## - LIBRARY OF CONGRESS CONTROL NUMBER | |
| LC control number | 96033596 |
| 020 ## - INTERNATIONAL STANDARD BOOK NUMBER | |
| International Standard Book Number | 0789442590 (pbk.) |
| 040 ## - CATALOGING SOURCE | |
| Original cataloging agency | DLC |
| Transcribing agency | TR-AnTOB |
| Modifying agency | DLC |
| Language of cataloging | eng |
| Description conventions | rda |
| 041 ## - LANGUAGE CODE | |
| Language code of text/sound track or separate title | İngilizce |
| 050 00 - LIBRARY OF CONGRESS CALL NUMBER | |
| Classification number | GV504 |
| Item number | .M42 1999 |
| 090 ## - LOCALLY ASSIGNED LC-TYPE CALL NUMBER (OCLC); LOCAL CALL NUMBER (RLIN) | |
| Classification number (OCLC) (R) ; Classification number, CALL (RLIN) (NR) | GV504 |
| Local cutter number (OCLC) ; Book number/undivided call number, CALL (RLIN) | .M42 1999 |
| 100 1# - MAIN ENTRY--PERSONAL NAME | |
| Personal name | McFarlane, Stewart. |
| 245 14 - TITLE STATEMENT | |
| Title | The complete book of t'ai chi / |
| Statement of responsibility, etc. | Stewart McFarlane ; consultant, Tan Mew Hong. |
| 246 30 - VARYING FORM OF TITLE | |
| Title proper/short title | T'ai chi |
| 250 ## - EDITION STATEMENT | |
| Edition statement | 1st pbk. ed. |
| 264 ## - PRODUCTION, PUBLICATION, DISTRIBUTION, MANUFACTURE, AND COPYRIGHT NOTICE | |
| Place of production, publication, distribution, manufacture | New York : |
| Name of producer, publisher, distributor, manufacturer | DK Pub., |
| Date of production, publication, distribution, manufacture, or copyright notice | 1999. |
| 300 ## - PHYSICAL DESCRIPTION | |
| Extent | 120 p. : |
| Other physical details | ill. (some col.) ; |
| Dimensions | 24 cm. |
| 336 ## - CONTENT TYPE | |
| Source | text |
| Content type term | text |
| 337 ## - MEDIA TYPE | |
| Source | unmediated |
| Media type term | unmediated |
| 338 ## - CARRIER TYPE | |
| Source | rdacarrier |
| Carrier type term | volume |
| 500 ## - GENERAL NOTE | |
| General note | Includes index. |
| 650 #0 - SUBJECT ADDED ENTRY--TOPICAL TERM | |
| Topical term or geographic name entry element | Tai chi. |
| 700 1# - ADDED ENTRY--PERSONAL NAME | |
| Personal name | Tan, Mew Hong. |
| 906 ## - LOCAL DATA ELEMENT F, LDF (RLIN) | |
| a | 7 |
| b | cbc |
| c | orignew |
| d | 1 |
| e | ocip |
| f | 19 |
| g | y-gencatlg |
| 942 ## - ADDED ENTRY ELEMENTS (KOHA) | |
| Source of classification or shelving scheme | Library of Congress Classification |
| Koha item type | Book |
| Withdrawn status | Lost status | Source of classification or shelving scheme | Damaged status | Not for loan | Collection code | Home library | Current library | Shelving location | Date acquired | Source of acquisition | Total Checkouts | Full call number | Barcode | Date last seen | Date shelved | Koha item type |
|---|---|---|---|---|---|---|---|---|---|---|---|---|---|---|---|---|
| Library of Congress Classification | Yeni / New | Ödünç Verilebilir / Available | Genel Koleksiyon | Merkez Kütüphane | Merkez Kütüphane | Genel Koleksiyon / Main Collection | 25/08/2017 | Bağış / Donation | GV504 .M42 1999 | 0054646 | 25/08/2017 | 25/08/2017 | Book |
